|
|
|
|
| LEADER |
00000cam a2200000 a 4500 |
| 001 |
vtls009834352 |
| 003 |
SK-MaSNL |
| 005 |
20260331204733.0 |
| 008 |
251120s2008 xo a j f000 0 slo |
| 013 |
|
|
|a 286435
|b gw
|c patent
|d 20081007
|e dátum nadobudnutia účinkov patentu Vestník ÚPV SR č.: 10/2008
|d 20080918
|e dátum sprístupnenia patentu
|
| 013 |
|
|
|a 85-2003
|e číslo prihlášky
|d 20010713
|e dátum podania prihlášky
|d 20030805
|e dátum zverejnenia prihlášky (Vestník ÚPV SR č.: 8/2003)
|
| 013 |
|
|
|a 100 36 031.9
|e číslo prioritnej prihlášky
|d 20000724
|e dátum podania prioritnej prihlášky
|b DE
|e kód krajiny prioritnej prihlášky
|
| 015 |
|
|
|a SNBN2015
|
| 035 |
|
|
|a (SVKBBclas03)vtls000299129
|
| 040 |
|
|
|a SNK
|b slo
|c SNK
|e AACR2
|
| 041 |
0 |
|
|a slo
|
| 044 |
|
|
|a xo
|c SK
|
| 072 |
|
7 |
|a 661
|x Chemikálie
|2 konspekt
|
| 080 |
|
|
|a 661.17-026.73
|2 2001
|
| 080 |
|
|
|a 661.18
|2 2001
|
| 080 |
|
|
|a 661.175
|2 2001
|
| 084 |
|
|
|a C09K 5/00
|2 IPC
|
| 084 |
|
|
|a C23F 11/10
|2 IPC
|
| 100 |
1 |
|
|a Wenderoth, Bernd
|4 org
|9 324065
|
| 245 |
1 |
0 |
|a Nemrznúce koncentráty na báze amidov a chladiace kompozície ich obsahujúce a určené na ochranu horčíka a horčíkových zliatin
|c Bernd Wenderoth, Karlheinz Schäker ; patent. zást. Viera Žovicová
|
| 260 |
|
|
|a [Banská Bystrica]
|b Úrad priemyselného vlastníctva SR
|c [2008]
|
| 300 |
|
|
|a 8 s.
|b tab.
|c 30 cm
|
| 650 |
0 |
7 |
|a technické kvapaliny
|2 SNKPH
|9 132943
|
| 650 |
0 |
7 |
|a chladiace kompozície
|2 SVKBBPH
|9 606892
|
| 650 |
0 |
7 |
|a nemrznúce koncentráty
|2 SVKBBPH
|9 606893
|
| 650 |
0 |
7 |
|a Technical liquids
|2 SNKPHeng
|9 442482
|
| 655 |
|
7 |
|a patenty
|2 SNKPH
|9 177343
|
| 655 |
|
7 |
|a patent licenses
|2 SNKPHeng
|9 303430
|
| 700 |
1 |
|
|a Schäker, Karlheinz
|4 org
|9 606894
|
| 700 |
1 |
|
|a Žovicová, Viera
|4 oth
|9 305079
|
| 710 |
2 |
|
|a BASF Aktiengesellschaft (Ludwigshafen, Nemecko)
|4 pth
|9 306000
|
| 999 |
|
|
|c 930738
|d 932668
|
| 952 |
|
|
|a SNK
|b SNK
|y PREZ
|7 0
|p 17A1172749
|o snkSK 286435
|i snk2015/28207
|8 0
|0 0
|1 0
|4 0
|d 2015-10-08
|l 0
|r 2026-02-24 08:47:15
|w 2026-02-24
|